[Event "4NCL/Div3/GUI4 vs. KJCAK"]
[Site "Daventry ENG"]
[Date "2009.05.03"]
[Round "10.4"]
[White "Lunn, Matt"]
[Black "Higgs, Anthony"]
[Result "1-0"]
[WhiteElo "1912"]
[BlackElo "1995"]
[PlyCount "93"]
[EventDate "2009.05.03"]
[EventCountry "ENG"]
[SourceDate "2008.10.04"]

1. d4 d6 2. Nf3 Nf6 3. c4 Nbd7 4. Nc3 e5 5. e4 Be7 6. Be2 O-O 7. O-O c6 8. Qc2
Re8 9. Rd1 exd4 10. Nxd4 Qc7 11. Be3 Bf8 12. f3 a6 13. Bf2 Ne5 14. Rac1 g6 15.
Qd2 Be6 16. b3 Bd7 17. Bh4 Bg7 18. Nc2 d5 19. cxd5 Rac8 20. h3 cxd5 21. Nxd5
Nxd5 22. exd5 Bb5 23. Bxb5 axb5 24. d6 Qd7 25. Nb4 Rc6 26. Nxc6 Nxc6 27. Bg3
Bd4+ 28. Kh2 Be3 29. Qd3 Bxc1 30. Rxc1 b4 31. Rc4 h5 32. Re4 Ra8 33. Re2 Kh7
34. Qc4 Ra5 35. Rd2 Rf5 36. Bf2 Rf6 37. Bc5 Ne5 38. Qe4 Re6 39. Qxb4 Nc6 40.
Qb6 Re5 41. Qc7 Qf5 42. Bf2 Kg7 43. d7 Qf4+ 44. Bg3 Qxd2 45. Bxe5+ Kh7 46. Bf6
Nd8 47. Bxd8 1-0

[Event "4NCL/Div3/GUI4 vs. KJCAK"]
[Site "Daventry ENG"]
[Date "2009.05.03"]
[Round "10.5"]
[White "McCullough, Simon L"]
[Black "Gahir, Jasdeep"]
[Result "1-0"]
[WhiteElo "1905"]
[BlackElo "1872"]
[PlyCount "33"]
[EventDate "2009.05.03"]
[EventCountry "ENG"]
[SourceDate "2008.10.04"]

1. e4 c5 2. a3 Nc6 3. b4 d5 4. exd5 Qxd5 5. Nc3 Qe5+ 6. Be2 cxb4 7. Nf3 Qf6 8.
axb4 Nxb4 9. Ba3 e6 10. O-O Nh6 11. Nb5 Qd8 12. Nxa7 Nxc2 13. Qxc2 Rxa7 14.
Bxf8 Rxa1 15. Rxa1 Kxf8 16. Ra8 Ke7 17. Qc5+ 1-0

[Event "4NCL/Div3/GUI4 vs. KJCAK"]
[Site "Daventry ENG"]
[Date "2009.05.03"]
[Round "10.6"]
[White "Maguire, Robert"]
[Black "Quinn, Joseph"]
[Result "1-0"]
[WhiteElo "1702"]
[BlackElo "1881"]
[PlyCount "93"]
[EventDate "2009.05.03"]
[EventCountry "ENG"]
[SourceDate "2008.10.04"]

1. e4 e5 2. Nf3 Nc6 3. Bb5 a6 4. Ba4 Nf6 5. O-O Be7 6. Re1 b5 7. Bb3 O-O 8. c3
d5 9. exd5 Nxd5 10. Nxe5 Nxe5 11. Rxe5 c6 12. d4 Bd6 13. Re1 Qh4 14. g3 Qh3 15.
Be3 Bg4 16. Qd3 Bf3 17. Qf1 Qh5 18. Nd2 Bg4 19. Bxd5 cxd5 20. a4 f5 21. f4 Bh3
22. Qf3 Qf7 23. axb5 axb5 24. Rxa8 Rxa8 25. c4 bxc4 26. Nxc4 Bb4 27. Bd2 Bg4
28. Qb3 Bxd2 29. Nxd2 h6 30. Nf3 Bxf3 31. Qxf3 Qb7 32. Qe2 Qb4 33. Rd1 Qb6 34.
Qc2 Qe6 35. Kf2 Rc8 36. Qe2 Qb6 37. Rd2 Qc6 38. Qe3 g6 39. Re2 Rd8 40. Qe7 Qb6
41. Re6 Qxd4+ 42. Kg2 Qxb2+ 43. Kh3 Ra8 44. Rxg6+ Kh8 45. Rxh6+ Kg8 46. Qh7+
Kf8 47. Qxf5+ 1-0

[Event "4NCL/Div3/GUI5 vs. FCA2"]
[Site "Daventry ENG"]
[Date "2009.05.03"]
[Round "10.1"]
[White "Shaw, Matthew"]
[Black "Freeman, Richard C P"]
[Result "0-1"]
[WhiteElo "1925"]
[BlackElo "2064"]
[PlyCount "50"]
[EventDate "2009.05.03"]
[EventCountry "ENG"]
[SourceDate "2008.10.04"]

1. e4 c5 2. Nf3 Nc6 3. d4 cxd4 4. Nxd4 g6 5. Be3 Bg7 6. Nc3 Nf6 7. f3 O-O 8.
Qd2 d5 9. Nxc6 bxc6 10. e5 Ne8 11. f4 f6 12. exf6 Nxf6 13. Be2 Bg4 14. Bd4 Bxe2
15. Qxe2 Qd7 16. O-O-O Nh5 17. g3 Bxd4 18. Rxd4 e6 19. Re1 Ng7 20. Na4 Qc7 21.
Qe5 Qa5 22. Nc3 c5 23. Rdd1 d4 24. Rxd4 Rf5 25. Qe4 cxd4 0-1

[Event "4NCL/Div3/GUI5 vs. FCA2"]
[Site "Daventry ENG"]
[Date "2009.05.03"]
[Round "10.2"]
[White "Elwin, Adrian G"]
[Black "Bryant, Richard"]
[Result "0-1"]
[WhiteElo "1998"]
[BlackElo "1930"]
[PlyCount "73"]
[EventDate "2009.05.03"]
[EventCountry "ENG"]
[SourceDate "2008.10.04"]

1. d4 d5 2. c4 e6 3. Nf3 c6 4. Nc3 dxc4 5. a4 Bb4 6. e4 b5 7. axb5 cxb5 8. Bd2
Bxc3 9. Bxc3 Nf6 10. e5 Nd5 11. Ba5 Qd7 12. Qc2 a6 13. Bd2 Bb7 14. Be2 Nc6 15.
O-O f5 16. exf6 Nxf6 17. Rae1 Qd5 18. Be3 O-O 19. h3 Nb4 20. Qd2 a5 21. Ra1 Ne4
22. Qd1 c3 23. bxc3 Nxc3 24. Qd2 Nxe2+ 25. Qxe2 Rf6 26. Rfc1 Qd7 27. Ne5 Qd5
28. f3 Nc6 29. Qb2 Nxe5 30. dxe5 Rg6 31. Kf2 Rxg2+ 32. Kxg2 Qxf3+ 33. Kh2 Qxe3
34. Rg1 Rd8 35. Rg2 Bxg2 36. Qxb5 Qxh3+ 37. Kg1 0-1

[Event "4NCL/Div3/GUI5 vs. FCA2"]
[Site "Daventry ENG"]
[Date "2009.05.03"]
[Round "10.3"]
[White "Gibbs, Daniel"]
[Black "Kendall, Paul S N"]
[Result "1/2-1/2"]
[WhiteElo "1925"]
[BlackElo "2052"]
[PlyCount "34"]
[EventDate "2009.05.03"]
[EventCountry "ENG"]
[SourceDate "2008.10.04"]

1. d4 Nf6 2. c4 e6 3. Nc3 Bb4 4. Nf3 b6 5. Qb3 c5 6. Bg5 h6 7. Bh4 Nc6 8. d5
Na5 9. Qc2 Ba6 10. e4 exd5 11. O-O-O Bxc3 12. cxd5 Bxf1 13. Qxc3 Be2 14. e5 g5
15. exf6 Kf8 16. Rde1 Bxf3 17. gxf3 b5 1/2-1/2

[Event "4NCL/Div3/GUI5 vs. FCA2"]
[Site "Daventry ENG"]
[Date "2009.05.03"]
[Round "10.4"]
[White "Valentine, Brian J"]
[Black "Lalic, Peter"]
[Result "1/2-1/2"]
[WhiteElo "1997"]
[BlackElo "1905"]
[PlyCount "58"]
[EventDate "2009.05.03"]
[EventCountry "ENG"]
[SourceDate "2008.10.04"]

1. e4 e6 2. d3 d5 3. Nd2 c5 4. Ngf3 Nc6 5. g3 b5 6. Bg2 Bb7 7. O-O g6 8. Re1
Nge7 9. exd5 exd5 10. Nb3 c4 11. Nc5 Bc8 12. Bg5 Qd6 13. dxc4 Qxc5 14. cxd5 Nb4
15. Bf6 Rg8 16. d6 Be6 17. dxe7 Bxe7 18. Bxe7 Kxe7 19. c3 Nd5 20. Ng5 Rad8 21.
Qe2 Nxc3 22. Qg4 Rd2 23. Qf4 Ne2+ 24. Rxe2 Rxe2 25. Nxh7 Rc8 26. Rd1 Qe5 27.
Qb4+ Rc5 28. Rc1 Kd6 29. Rd1+ Ke7 1/2-1/2

[Event "4NCL/Div3/GUI5 vs. FCA2"]
[Site "Daventry ENG"]
[Date "2009.05.03"]
[Round "10.5"]
[White "Sathiraju, Vijay"]
[Black "Williamson, Kevin J"]
[Result "0-1"]
[WhiteElo "1754"]
[BlackElo "2025"]
[PlyCount "106"]
[EventDate "2009.05.03"]
[EventCountry "ENG"]
[SourceDate "2008.10.04"]

1. d4 d5 2. c4 Nc6 3. Nc3 dxc4 4. Nf3 Nf6 5. e3 Bg4 6. Bxc4 e6 7. O-O Bd6 8.
Be2 O-O 9. Nb5 Be7 10. b3 a6 11. Nc3 Bd6 12. Bb2 Qd7 13. h3 Bf5 14. Nd2 e5 15.
d5 Ne7 16. e4 Bg6 17. Rc1 b5 18. a3 c6 19. dxc6 Nxc6 20. Nd5 Nxd5 21. exd5 Ne7
22. Nf3 f6 23. Nh4 Bf7 24. f4 exf4 25. Bg4 Qb7 26. Nf5 Nxf5 27. Bxf5 Bxd5 28.
Be6+ Bxe6 29. Qxd6 Qd5 30. Qxd5 Bxd5 31. b4 Rac8 32. Rxf4 Rxc1+ 33. Bxc1 Re8
34. Rf2 Bc4 35. Bb2 Kf7 36. Kh2 Re3 37. g3 Ke6 38. Kg2 Bd5+ 39. Kh2 h5 40. h4
Re1 41. Kh3 Rh1+ 42. Rh2 Rf1 43. Rd2 g5 44. hxg5 fxg5 45. Re2+ Kf7 46. Rh2 Kg6
47. Bd4 h4 48. Rf2 Rh1+ 49. Kg4 Be6+ 50. Kf3 g4+ 51. Ke4 Re1+ 52. Kf4 h3 53.
Bb2 Bf5 0-1

[Event "4NCL/Div3/GUI5 vs. FCA2"]
[Site "Daventry ENG"]
[Date "2009.05.03"]
[Round "10.6"]
[White "Shaw, John S"]
[Black "Adair, Andrew"]
[Result "1-0"]
[WhiteElo "1895"]
[BlackElo "1740"]
[PlyCount "83"]
[EventDate "2009.05.03"]
[EventCountry "ENG"]
[SourceDate "2008.10.04"]

1. d4 Nf6 2. Nf3 e6 3. e3 c5 4. Bd3 d5 5. b3 Bd6 6. O-O b6 7. Nbd2 Bb7 8. Bb2
Nbd7 9. Ne5 O-O 10. f4 a6 11. Rf3 Ne4 12. Nxd7 Qxd7 13. Rh3 f5 14. Nf3 cxd4 15.
Bxd4 Bc5 16. Ne5 Qc7 17. Bxe4 Bxd4 18. exd4 dxe4 19. Qh5 g6 20. Nxg6 Rf7 21. c4
Rg7 22. Ne5 Qd6 23. Rd1 Rd8 24. Rg3 Qf8 25. Qh6 Rd6 26. Qxg7+ Qxg7 27. Rxg7+
Kxg7 28. Kf2 Rd8 29. Ke3 Kf8 30. g4 Ke7 31. g5 Rg8 32. h4 h6 33. Rg1 Rg7 34. g6
Kf6 35. h5 Bc8 36. b4 Bd7 37. Nxd7+ Rxd7 38. c5 bxc5 39. bxc5 Kg7 40. Rb1 Kf6
41. c6 Rc7 42. Rb7 1-0

[Event "4NCL/Div3/BRI2 vs. OXF2"]
[Site "Daventry ENG"]
[Date "2009.05.03"]
[Round "10.1"]
[White "Collier, David O"]
[Black "Dickinson, Timothy R"]
[Result "1/2-1/2"]
[WhiteElo "2114"]
[BlackElo "2160"]
[PlyCount "29"]
[EventDate "2009.05.03"]
[EventCountry "ENG"]
[SourceDate "2008.10.04"]

1. d4 Nf6 2. Bg5 e6 3. Nd2 h6 4. Bh4 d5 5. e3 c5 6. c3 Qb6 7. Qc2 Nc6 8. Ngf3
Bd7 9. Ne5 Rc8 10. Bxf6 gxf6 11. Nxd7 Kxd7 12. dxc5 Bxc5 13. Be2 f5 14. g3 Kc7
15. Qb3 1/2-1/2

[Event "4NCL/Div3/BRI2 vs. OXF2"]
[Site "Daventry ENG"]
[Date "2009.05.03"]
[Round "10.2"]
[White "Starkie, Ray"]
[Black "Humphreys, Jerry"]
[Result "1/2-1/2"]
[WhiteElo "2125"]
[BlackElo "2076"]
[PlyCount "33"]
[EventDate "2009.05.03"]
[EventCountry "ENG"]
[SourceDate "2008.10.04"]

1. Nf3 c5 2. e3 Nf6 3. d4 e6 4. Bd3 d5 5. b3 Nc6 6. O-O Bd6 7. Bb2 cxd4 8. exd4
O-O 9. Re1 Re8 10. Ne5 Nb4 11. Nc3 Nxd3 12. Qxd3 Nd7 13. f4 f6 14. Nxd7 Bxd7
15. Rf1 Qc7 16. g3 Rac8 17. Rf2 1/2-1/2

[Event "4NCL/Div3/BRI2 vs. OXF2"]
[Site "Daventry ENG"]
[Date "2009.05.03"]
[Round "10.3"]
[White "Bass, John W"]
[Black "Bruce, Dave"]
[Result "1/2-1/2"]
[WhiteElo "2101"]
[BlackElo "2106"]
[PlyCount "42"]
[EventDate "2009.05.03"]
[EventCountry "ENG"]
[SourceDate "2008.10.04"]

1. d4 Nf6 2. c4 g6 3. Nc3 Bg7 4. e4 d6 5. f3 O-O 6. Be3 e5 7. Nge2 c6 8. Qd2
Nbd7 9. Nc1 exd4 10. Bxd4 Re8 11. Be2 Ne5 12. O-O d5 13. exd5 cxd5 14. cxd5
Nxd5 15. Nb3 Nxc3 16. Qxc3 Be6 17. Rad1 Rc8 18. Nc5 Qc7 19. Nxe6 Rxe6 20. f4
Qxc3 21. Bxc3 Nc4 1/2-1/2

[Event "4NCL/Div3/BRI2 vs. OXF2"]
[Site "Daventry ENG"]
[Date "2009.05.03"]
[Round "10.4"]
[White "Stembridge, Ed"]
[Black "White, Martin"]
[Result "1/2-1/2"]
[WhiteElo "2063"]
[BlackElo "1980"]
[PlyCount "57"]
[EventDate "2009.05.03"]
[EventCountry "ENG"]
[SourceDate "2008.10.04"]

1. e4 c5 2. Nf3 g6 3. c3 Bg7 4. d4 cxd4 5. cxd4 d5 6. e5 Bg4 7. Nbd2 f6 8. Qa4+
Nc6 9. exf6 exf6 10. Be2 Nge7 11. O-O O-O 12. h3 Be6 13. b4 a6 14. b5 axb5 15.
Qxb5 Nf5 16. Qb2 Nd6 17. Re1 Qd7 18. Nb3 b6 19. Bf4 Nc4 20. Qc3 Ra3 21. Nfd2
N6a5 22. Qc1 Nxb3 23. axb3 Rxa1 24. Qxa1 Na5 25. Bf3 Bf7 26. Qa3 Re8 27. Rc1
Rc8 28. Re1 Re8 29. Rc1 1/2-1/2

[Event "4NCL/Div3/BRI2 vs. OXF2"]
[Site "Daventry ENG"]
[Date "2009.05.03"]
[Round "10.5"]
[White "Varley, Ed"]
[Black "Duggan, Chris"]
[Result "1/2-1/2"]
[WhiteElo "1910"]
[BlackElo "2044"]
[PlyCount "42"]
[EventDate "2009.05.03"]
[EventCountry "ENG"]
[SourceDate "2008.10.04"]

1. d4 Nf6 2. Nf3 e6 3. Bf4 d5 4. e3 c5 5. c3 Nc6 6. Nbd2 Qb6 7. Qb3 c4 8. Qc2
Be7 9. Be2 O-O 10. h3 Qd8 11. O-O b5 12. Ne5 Nxe5 13. Bxe5 Bb7 14. Bf3 Bd6 15.
Bxd6 Qxd6 16. e4 dxe4 17. Nxe4 Bxe4 18. Bxe4 Nxe4 19. Qxe4 a5 20. a3 h6 21.
Rfd1 Rad8 1/2-1/2

[Event "4NCL/Div3/BRI2 vs. OXF2"]
[Site "Daventry ENG"]
[Date "2009.05.03"]
[Round "10.6"]
[White "Ludbrook, Matt"]
[Black "Taylor, John Paul"]
[Result "1-0"]
[WhiteElo "2020"]
[BlackElo "1395"]
[PlyCount "57"]
[EventDate "2009.05.03"]
[EventCountry "ENG"]
[SourceDate "2008.10.04"]

1. e4 c6 2. d4 d5 3. e5 Bf5 4. Nf3 e6 5. Be2 c5 6. c3 Nc6 7. O-O Qb6 8. dxc5
Bxc5 9. b4 Be7 10. Be3 Qc7 11. Qa4 a6 12. Nd4 Rc8 13. Nxc6 Qxc6 14. Qxc6+ Rxc6
15. b5 Rc8 16. bxa6 bxa6 17. Bxa6 Rb8 18. a4 Kd8 19. a5 Kc7 20. Rc1 f6 21. f4
Rb3 22. Bd4 Kc6 23. c4 fxe5 24. cxd5+ Kxd5 25. Bc4+ Kxd4 26. Bxb3 Nf6 27. Ra4+
Ke3 28. Re1+ Kd3 29. Bc4+ 1-0

[Event "4NCL/Div3/SSC vs. AMCAR"]
[Site "Daventry ENG"]
[Date "2009.05.03"]
[Round "10.1"]
[White "Elliston, Robert"]
[Black "Mitchell, Stephen R"]
[Result "1/2-1/2"]
[WhiteElo "2101"]
[BlackElo "2032"]
[PlyCount "38"]
[EventDate "2009.05.03"]
[EventCountry "ENG"]
[SourceDate "2008.10.04"]

1. c4 f5 2. e4 fxe4 3. d3 Nf6 4. dxe4 e5 5. Nc3 Bb4 6. Nf3 Nc6 7. Bg5 O-O 8.
Be2 Qe8 9. O-O Bxc3 10. bxc3 Kh8 11. Bxf6 Rxf6 12. c5 b6 13. Qd5 Bb7 14. Bb5
Nd4 15. Qxb7 Nxf3+ 16. gxf3 c6 17. Be2 Rb8 18. Qxa7 Ra8 19. Qb7 Rb8 1/2-1/2

[Event "4NCL/Div3/SSC vs. AMCAR"]
[Site "Daventry ENG"]
[Date "2009.05.03"]
[Round "10.2"]
[White "Stayt, James N"]
[Black "Grant, David"]
[Result "1/2-1/2"]
[WhiteElo "2017"]
[BlackElo "2033"]
[PlyCount "81"]
[EventDate "2009.05.03"]
[EventCountry "ENG"]
[SourceDate "2008.10.04"]

1. e4 e5 2. Nf3 Nc6 3. Bb5 a6 4. Ba4 Nf6 5. d4 b5 6. Bb3 Nxe4 7. dxe5 Nc5 8.
Bd5 Bb7 9. O-O Be7 10. Nc3 d6 11. Bf4 O-O 12. Re1 Nb4 13. Bxb7 Nxb7 14. a3 dxe5
15. Nxe5 f6 16. axb4 fxe5 17. Bxe5 Qxd1 18. Rexd1 Bxb4 19. Rd7 Rf7 20. Rxf7
Kxf7 21. Nxb5 Re8 22. Bc3 axb5 23. Bxb4 c5 24. Bd2 Re2 25. Rd1 Ke6 26. Kf1 Re4
27. Re1 Rxe1+ 28. Kxe1 Nd6 29. f3 g6 30. Ke2 Nc4 31. Bc1 Kd5 32. g4 b4 33. b3
Na3 34. Kd3 Nb5 35. Be3 Nd6 36. h4 h5 37. Bf2 Nf7 38. Bg3 Nh6 39. Bf4 Nf7 40.
Bg3 Nd8 41. Be1 1/2-1/2

[Event "4NCL/Div3/SSC vs. AMCAR"]
[Site "Daventry ENG"]
[Date "2009.05.03"]
[Round "10.3"]
[White "Michaud, Gerald"]
[Black "McLaughlin, Noel"]
[Result "1/2-1/2"]
[WhiteElo "2052"]
[BlackElo "2020"]
[PlyCount "54"]
[EventDate "2009.05.03"]
[EventCountry "ENG"]
[SourceDate "2008.10.04"]

1. d4 f5 2. Bg5 h6 3. Bh4 g5 4. Bg3 Bg7 5. e3 Nf6 6. Bd3 e6 7. Be5 d6 8. Bxf6
Qxf6 9. Qh5+ Qf7 10. Qxf7+ Kxf7 11. Nc3 a6 12. h4 Nc6 13. hxg5 hxg5 14. Rxh8
Bxh8 15. O-O-O Bd7 16. a3 Bf6 17. Nge2 Rh8 18. Ng3 Ne7 19. Rh1 Rxh1+ 20. Nxh1
Bc6 21. f3 g4 22. fxg4 Bxg2 23. Nf2 Bh4 24. Ncd1 Bg5 25. Kd2 fxg4 26. Nxg4 Bf3
27. Ngf2 Nc6 1/2-1/2

[Event "4NCL/Div3/SSC vs. AMCAR"]
[Site "Daventry ENG"]
[Date "2009.05.03"]
[Round "10.4"]
[White "Tunstall, George"]
[Black "Payne, Matthew"]
[Result "1-0"]
[WhiteElo "2014"]
[BlackElo "1865"]
[PlyCount "55"]
[EventDate "2009.05.03"]
[EventCountry "ENG"]
[SourceDate "2008.10.04"]

1. d4 Nf6 2. c4 g6 3. Nc3 Bg7 4. e4 d6 5. Be2 O-O 6. h4 c5 7. d5 h5 8. Bg5 Nbd7
9. Qd2 Ne5 10. O-O-O Bd7 11. Nf3 Nfg4 12. Rdf1 a6 13. a3 Qe8 14. Nxe5 Nxe5 15.
f4 Ng4 16. f5 f6 17. Be3 Kh7 18. Bxg4 hxg4 19. h5 gxh5 20. Ne2 Rh8 21. Rh4 b5
22. Rfh1 Qf7 23. Nf4 bxc4 24. Ng6 Rhb8 25. Rxh5+ Kg8 26. Rh8+ Bxh8 27. Rxh8+
Kg7 28. Bh6# 1-0

[Event "4NCL/Div3/SSC vs. AMCAR"]
[Site "Daventry ENG"]
[Date "2009.05.03"]
[Round "10.5"]
[White "Woods, Tim"]
[Black "Sparkes, Daniel A"]
[Result "1/2-1/2"]
[WhiteElo "1900"]
[BlackElo "2000"]
[PlyCount "124"]
[EventDate "2009.05.03"]
[EventCountry "ENG"]
[SourceDate "2008.10.04"]

1. e4 c5 2. Nf3 g6 3. c4 Nc6 4. d4 cxd4 5. Nxd4 Nf6 6. Nc3 Bg7 7. Be3 Ng4 8.
Qxg4 Nxd4 9. Qd1 Nc6 10. Be2 d6 11. O-O O-O 12. Rc1 Qa5 13. a3 Be6 14. Qd2 Rfc8
15. Rfd1 a6 16. Nd5 Qxd2 17. Rxd2 Bxd5 18. exd5 Ne5 19. f4 Nd7 20. b4 a5 21. c5
axb4 22. axb4 dxc5 23. bxc5 Ra3 24. Bf2 Bc3 25. Rdc2 Bb4 26. c6 bxc6 27. dxc6
Nf6 28. Bf3 Bd6 29. Bc5 Rxf3 30. Bxd6 Re3 31. Be5 Ne8 32. c7 f6 33. Rd2 fxe5
34. Rd8 Rxc7 35. Rxc7 Kf7 36. Rcc8 Nf6 37. fxe5 Rxe5 38. Rd1 Re3 39. h3 h5 40.
Kf2 Re5 41. Kg1 g5 42. Rcc1 h4 43. Re1 Rxe1+ 44. Rxe1 Nh5 45. Kf2 Kf6 46. Kf3
Nf4 47. Re4 e5 48. Ra4 Kf5 49. Rc4 e4+ 50. Rxe4 Nxg2 51. Ra4 Ne1+ 52. Kf2 Nd3+
53. Kf3 Ne5+ 54. Kg2 Nd3 55. Ra5+ Kf4 56. Ra4+ Ke3 57. Ra5 Ne1+ 58. Kh2 Kf2 59.
Rf5+ Nf3+ 60. Kh1 Kg3 61. Rf8 Nd2 62. Rd8 Nf3 1/2-1/2

[Event "4NCL/Div3/SSC vs. AMCAR"]
[Site "Daventry ENG"]
[Date "2009.05.03"]
[Round "10.6"]
[White "Lyne, Colin J"]
[Black "Yates, Christopher"]
[Result "1/2-1/2"]
[WhiteElo "1965"]
[BlackElo "1835"]
[PlyCount "87"]
[EventDate "2009.05.03"]
[EventCountry "ENG"]
[SourceDate "2008.10.04"]

1. e4 c5 2. Nf3 d6 3. d4 cxd4 4. Nxd4 Nf6 5. Nc3 a6 6. Be3 e5 7. Nb3 Be6 8. f3
Be7 9. Qd2 O-O 10. O-O-O Nbd7 11. g4 Qc7 12. g5 Nh5 13. Rg1 b5 14. Kb1 b4 15.
Nd5 Bxd5 16. exd5 a5 17. Bd3 Rfc8 18. Rg4 Rcb8 19. Qf2 a4 20. Nc1 Qa5 21. Rh4
g6 22. Bd2 Nc5 23. Bc4 Qa7 24. Re1 b3 25. cxb3 axb3 26. a3 Ne4 27. Qg2 Nxd2+
28. Qxd2 Nf4 29. Rg4 Qa4 30. Re4 Qd7 31. h4 Ra4 32. Rg1 Qa7 33. Rge1 Bd8 34.
Bxb3 Rxe4 35. Rxe4 Qg1 36. Qc3 Bb6 37. Ka2 Qf2 38. Rb4 Qc5 39. Qxc5 dxc5 40.
Re4 Bc7 41. Bc4 Nh5 42. Ne2 Kf8 43. a4 f5 44. gxf6 1/2-1/2

[Event "4NCL/Div3/WWKS2 vs. MET"]
[Site "Daventry ENG"]
[Date "2009.05.03"]
[Round "10.1"]
[White "Ingram, Keith"]
[Black "Dickson, George"]
[Result "1/2-1/2"]
[WhiteElo "2070"]
[BlackElo "2117"]
[PlyCount "91"]
[EventDate "2009.05.03"]
[EventCountry "ENG"]
[SourceDate "2008.10.04"]

1. e4 e5 2. Bc4 Nf6 3. d4 exd4 4. Nf3 Nc6 5. O-O Nxe4 6. Re1 d5 7. Bxd5 Qxd5 8.
Nc3 Qh5 9. Nxe4 Be6 10. Bg5 h6 11. Bf6 Qg6 12. Nh4 Qg4 13. Qxg4 Bxg4 14. Bxd4
O-O-O 15. Bc3 Be7 16. Nf3 Bxf3 17. gxf3 Nd4 18. Bxd4 Rxd4 19. Rad1 Rxd1 20.
Rxd1 Rd8 21. Rxd8+ Kxd8 22. h3 f5 23. Ng3 g6 24. Kf1 Bf6 25. c3 Kd7 26. Ke2 Bg5
27. Kd3 c5 28. c4 Bf6 29. b3 Bd4 30. Ke2 Ke6 31. f4 g5 32. Nh5 g4 33. hxg4 fxg4
34. Ng3 b6 35. f3 h5 36. fxg4 hxg4 37. Kd3 Bf2 38. Nh1 g3 39. Nxf2 gxf2 40. Ke2
Kf5 41. Kxf2 Kxf4 42. Ke2 Ke4 43. Kd2 Kd4 44. Kc2 a5 45. a4 Ke4 46. Kd2 1/2-1/2

[Event "4NCL/Div3/WWKS2 vs. MET"]
[Site "Daventry ENG"]
[Date "2009.05.03"]
[Round "10.2"]
[White "Calvert, D Ian"]
[Black "Fallowfield, Jeremy"]
[Result "0-1"]
[WhiteElo "2054"]
[BlackElo "2022"]
[PlyCount "62"]
[EventDate "2009.05.03"]
[EventCountry "ENG"]
[SourceDate "2008.10.04"]

1. b3 e5 2. Bb2 Nc6 3. e3 Nf6 4. Nf3 Bd6 5. d4 e4 6. d5 exf3 7. dxc6 dxc6 8.
gxf3 Qe7 9. Bd3 Be6 10. Nd2 O-O-O 11. Qe2 Ba3 12. Bxa3 Qxa3 13. Nc4 Qb4+ 14.
Qd2 Qc5 15. Qa5 Qxa5+ 16. Nxa5 Bd5 17. Ke2 Rhe8 18. Bc4 Bxc4+ 19. bxc4 Re6 20.
Rhd1 Rxd1 21. Rxd1 Re5 22. Nb3 Rh5 23. Rg1 g6 24. Rg2 Nd7 25. f4 Nc5 26. f3 Ne6
27. Kd3 b5 28. Nd4 bxc4+ 29. Kxc4 Rc5+ 30. Kd3 Rd5 31. c4 Rxd4+ 0-1

[Event "4NCL/Div3/WWKS2 vs. MET"]
[Site "Daventry ENG"]
[Date "2009.05.03"]
[Round "10.3"]
[White "Fallowfield, Nicholas"]
[Black "Vachtfeidl, Petr"]
[Result "1-0"]
[WhiteElo "2060"]
[BlackElo "2005"]
[PlyCount "55"]
[EventDate "2009.05.03"]
[EventCountry "ENG"]
[SourceDate "2008.10.04"]

1. Nf3 g6 2. e4 Bg7 3. d4 d6 4. Nc3 Nf6 5. h3 O-O 6. Be3 a6 7. Bd3 b5 8. a4 b4
9. Ne2 Bb7 10. Ng3 Nc6 11. Qd2 e5 12. d5 Nd4 13. Nxd4 exd4 14. Bxd4 Re8 15. O-O
c5 16. dxc6 Bxc6 17. Rfe1 a5 18. c4 Nd7 19. Bxg7 Kxg7 20. b3 Nc5 21. Rad1 Qf6
22. Bc2 Rad8 23. Qd4 Re5 24. Rf1 Ne6 25. Qb6 Rc5 26. Rd5 Nd4 27. Rxd4 Qxd4 28.
Qxd8 1-0

[Event "4NCL/Div3/WWKS2 vs. MET"]
[Site "Daventry ENG"]
[Date "2009.05.03"]
[Round "10.4"]
[White "Roy, Soumen"]
[Black "Stewart, Joey"]
[Result "0-1"]
[WhiteElo "1865"]
[BlackElo "1995"]
[PlyCount "102"]
[EventDate "2009.05.03"]
[EventCountry "ENG"]
[SourceDate "2008.10.04"]

1. d4 g6 2. c4 Bg7 3. e4 d6 4. Nc3 Nc6 5. Nf3 Bg4 6. Be3 e5 7. d5 Nd4 8. Be2
Nxe2 9. Qxe2 f5 10. h3 Bh5 11. Qc2 f4 12. Bd2 Nh6 13. Qa4+ Qd7 14. Qxd7+ Kxd7
15. Ng5 Bf6 16. Ne6 g5 17. Nb5 c6 18. Nbc7 Rac8 19. Rc1 Rxc7 20. Nxc7 Kxc7 21.
b4 cxd5 22. cxd5+ Kd7 23. f3 Rc8 24. Rxc8 Kxc8 25. Ke2 Be8 26. Rc1+ Kb8 27. Be1
Bb5+ 28. Kf2 Nf7 29. Ra1 Bd8 30. g3 Nh8 31. Bc3 Ng6 32. a4 fxg3+ 33. Kxg3 Bd7
34. a5 Nf4 35. Ra2 h5 36. Bd2 Nxh3 37. Be3 Nf4 38. Rc2 h4+ 39. Kh2 g4 40. fxg4
Bxg4 41. Bxf4 exf4 42. Rg2 Bf3 43. Rg8 Kc8 44. Re8 Kd7 45. Re6 Be2 46. e5 dxe5
47. Rxe5 Bc7 48. Rf5 f3+ 49. Kh3 Bg3 50. Rf7+ Kd6 51. a6 bxa6 0-1

[Event "4NCL/Div3/WWKS2 vs. MET"]
[Site "Daventry ENG"]
[Date "2009.05.03"]
[Round "10.5"]
[White "Stepanyan, Astghik"]
[Black "Cooke, Charlie"]
[Result "0-1"]
[WhiteElo "1775"]
[BlackElo "1880"]
[PlyCount "146"]
[EventDate "2009.05.03"]
[EventCountry "ENG"]
[SourceDate "2008.10.04"]

1. d4 d5 2. c4 e6 3. Nc3 Nf6 4. Nf3 Be7 5. e3 O-O 6. Bd3 c6 7. O-O Nbd7 8. a3
Re8 9. b4 Bd6 10. Bb2 h6 11. Rc1 dxc4 12. Bxc4 e5 13. dxe5 Nxe5 14. Nxe5 Bxe5
15. Qc2 Be6 16. Bxe6 Rxe6 17. Ne2 Qc7 18. Bxe5 Qxe5 19. Nd4 Rd6 20. Rfd1 Rad8
21. h3 g6 22. Rd2 Nd5 23. Rcd1 Nxe3 24. fxe3 Qxe3+ 25. Kh1 Rxd4 26. Rxd4 Rxd4
27. Rf1 Qxa3 28. Qf2 Rd7 29. Qe1 Qd3 30. Qe8+ Kg7 31. Qe5+ Kh7 32. Qa1 a6 33.
Qe1 Qd5 34. Qe8 Qe6 35. Qb8 Qe7 36. Qf4 Kg7 37. Qc4 Rd5 38. Qf4 Rf5 39. Qd4+
Qf6 40. Qxf6+ Kxf6 41. Rd1 Rb5 42. Rd4 a5 43. bxa5 Rxa5 44. Kg1 Rd5 45. Rb4 b5
46. Kf2 Ke5 47. Ke3 f5 48. g3 Rc5 49. Rb3 Rc4 50. Ra3 b4 51. Ra5+ c5 52. Ra6 g5
53. Rxh6 f4+ 54. gxf4+ Rxf4 55. Rc6 c4 56. Rc5+ Kf6 57. Kd2 c3+ 58. Kc2 Rh4 59.
Rb5 Rxh3 60. Rxb4 Kf5 61. Rb5+ Kg4 62. Rc5 Kh4 63. Rc7 Rf3 64. Kd1 g4 65. Ke2
Kg3 66. Rc4 Rf2+ 67. Ke1 c2 68. Rxg4+ Kxg4 69. Kxf2 c1=Q 70. Ke2 Qc3 71. Kd1
Qb2 72. Ke1 Kf3 73. Kd1 Ke3 0-1

[Event "4NCL/Div3/LIT2 vs. OXF3"]
[Site "Daventry ENG"]
[Date "2009.05.03"]
[Round "10.1"]
[White "Gibson, Christopher A"]
[Black "Burt, Will"]
[Result "0-1"]
[WhiteElo "1990"]
[BlackElo "2050"]
[PlyCount "68"]
[EventDate "2009.05.03"]
[SourceDate "2008.10.04"]

1. d4 d5 2. c4 e5 3. dxe5 d4 4. Nf3 Nc6 5. a3 Be6 6. b4 Qd7 7. Nbd2 f6 8. exf6
Nxf6 9. Bb2 O-O-O 10. Qa4 a6 11. b5 Nb8 12. Bxd4 c5 13. Bc3 Bd6 14. e3 Ng4 15.
Be2 Rde8 16. Ne4 Bf5 17. Nxd6+ Qxd6 18. Rd1 Qh6 19. Bd2 Rhf8 20. bxa6 Nxa6 21.
Qb3 Nb8 22. Bd3 Bd7 23. Be2 Bc6 24. Ba5 Nd7 25. Nd4 Rxf2 26. Rd3 cxd4 27. Bxg4
Rxg2 28. Bxd7+ Bxd7 29. Rf1 Qh4+ 30. Kd1 Qg4+ 31. Kc1 Qe2 32. Rfd1 Ba4 33. R3d2
Bxb3 34. Rxe2 Rxe2 0-1

[Event "4NCL/Div3/LIT2 vs. OXF3"]
[Site "Daventry ENG"]
[Date "2009.05.03"]
[Round "10.2"]
[White "Hadi, Justin"]
[Black "Jaszkiwskyj, Peter"]
[Result "0-1"]
[WhiteElo "2015"]
[BlackElo "2020"]
[PlyCount "84"]
[EventDate "2009.05.03"]
[SourceDate "2008.10.04"]

1. b3 d5 2. g3 Nf6 3. Bb2 c5 4. Bg2 Nc6 5. e3 Bf5 6. d3 e6 7. Nd2 Be7 8. Ne2
O-O 9. h3 h6 10. a3 Bh7 11. g4 Nd7 12. f4 Bh4+ 13. Kf1 Bf6 14. Bxf6 Qxf6 15. h4
Rad8 16. Ng3 Kh8 17. g5 Qc3 18. Ra2 Rg8 19. Ne2 Qa5 20. h5 Bf5 21. Ng3 Ne7 22.
Qe2 Qc7 23. Nf3 Bg4 24. Bh3 Bxh3+ 25. Rxh3 d4 26. c4 dxc3 27. Nh2 f5 28. Nf3
Qb6 29. Nh4 Kh7 30. Ng6 Rge8 31. gxh6 gxh6 32. Qg2 Qxb3 33. Kg1 Qd1+ 34. Nf1
Qg4 35. Rg3 Qxh5 36. Nf8+ Rxf8 37. Rg7+ Kh8 38. Rxe7 Rg8 39. Ng3 Rxg3 40. Qxg3
Rg8 41. Qxg8+ Kxg8 42. Rxd7 Qd1+ 0-1